000 00654nam a22002297a 4500
003 UA-OsUOA
001 96276
007 ta
008 20130318b un ||||| |||| 00| 0 ukr d
100 _aКондратьев В.
090 _a821.161.1
_bК 64
942 _cBK
040 _aUA-OsUOA
_brus
_cUA-OsUOA
_dUA-OsUOA
245 _aСелижаровский тракт
_bповести и рассказы
300 _a368 с.
955 _a3
041 _arus
080 _a821.161.1
260 _aМ.
_bСоветский писатель
_c1985
650 7 _a82 Література. Літературознавство
_2UDC
999 _c382529
_d382529